Harry Potter Characters by Limerick Quiz Stats

 Plays Quiz Updated Dec 6, 2017

Score 0/14 Timer 04:00
14 Plays Today
Limerick Character Name % Correct
Look, am I really that bad?
I'm less of a jerk than my dad
I played Harry's foil
Just like Crabbe and Goyle
I'm the number one Slytherin cad
Draco Malfoy
94.6%
I live out in the woods in a hut
I’m really a bit of a nut
I raise dragons and skrewts
I hang out with brutes
And my mother’s a giant, so what?
Rubeus Hagrid
94.5%
My spell casting skills are quite keen
My library visits routine
I’ve got bushy hair
I’m totally square
I’m the brightest witch you’ve ever seen
Hermione Granger
94%
Im a redheaded dude with a ‘tude
It’s my brother who really got screwed
Snape blasted my ear
But at least I’m still here
My twin is the one who’s worm food
George Weasley
93.7%
I’ve got less than a widow’s mite
My dress robes a terrible sight
I play second fiddle
In Potter v. Riddle
But I’m sleeping with Granger tonight
Ron Weasley
93.2%
You knew I would be in this quiz
These books are about me, gee whiz
Well here's a huge hint
My best friend is Grint
I think you can guess who this is
Harry Potter
93.1%
If you’re looking for evil I’m it
But I really screwed up, to wit
I tried to kill Harry
He used love to parry
I instead killed myself like a git
Lord Voldemort
91.5%
Limerick Character Name % Correct
The Marauders consider me weak
Am I a man or a mouse? Squeak, squeak!
Ratted on James and Lily
I guess that was silly
And now I’m a one-handed freak
Peter Pettigrew
91.4%
A wizarding force in my day
I wanted Tom Riddle to pay
But then Snape did me in
And now I’m a has-been
It turns out all along I was gay
Albus Dumbledore
89.6%
I have a strong urge to expound
On the way I was easily downed
In dueling I failed
And I sailed through the Veil
I should have just stayed as a hound
Sirius Black
89.5%
My hair’s pulled up tight in a bun
I turn into a cat just for fun
I don’t take students’ crap
So sit down, shut your trap
Because I’ve got a classroom to run
Minerva McGonagall
88.1%
On film I’m a strapping young buck
In the books I walk like a duck
I’m the world’s best seeker
But not a great speaker
And Hermy-own-ninny I’d like to date
Viktor Krum
86.1%
The Prophet prints nothing but ill
Of the people I quote with my quill
A bug getting news
Granger outed my ruse
Blackmailed me and told me to chill
Rita Skeeter
84.2%
I thought J.K. thought I was swell
She was just biding time 'til I fell
She ended my life
With Lestrange's thrown knife
I guess I'll see Rowling in hell!
Dobby
82.8%

You're not logged in!

Compare scores with friends on all Sporcle quizzes.
OR
Log In

You Might Also Like...

Show Comments

Extras

Top Quizzes Today


Score Distribution

Your Account Isn't Verified!

In order to create a playlist on Sporcle, you need to verify the email address you used during registration. Go to your Sporcle Settings to finish the process.

Report this User

Report this user for behavior that violates our Community Guidelines.

Details: